Black box thinking : (Record no. 590643)

000 -LEADER
fixed length control field 01567cam a2200385 i 4500
001 - CONTROL NUMBER
control field 18826539
003 - CONTROL NUMBER IDENTIFIER
control field NUST
005 - DATE AND TIME OF LATEST TRANSACTION
control field 20220726133546.0
008 - FIXED-LENGTH DATA ELEMENTS--GENERAL INFORMATION
fixed length control field 151021s2015 nyu 001 0 eng
010 ## - LIBRARY OF CONGRESS CONTROL NUMBER
LC control number 2015040860
020 ## - INTERNATIONAL STANDARD BOOK NUMBER
International Standard Book Number 978-1-47361-378-2(hardback)
040 ## - CATALOGING SOURCE
Original cataloging agency DLC
Language of cataloging eng
Transcribing agency DLC
Description conventions rda
Modifying agency DLC
042 ## - AUTHENTICATION CODE
Authentication code pcc
050 00 - LIBRARY OF CONGRESS CALL NUMBER
Classification number BF575.F14
Item number S94 2015
082 00 - DEWEY DECIMAL CLASSIFICATION NUMBER
Classification number 158.1, SYE
Edition number 23
084 ## - OTHER CLASSIFICATION NUMBER
Classification number BUS085000
-- BUS041000
Number source bisacsh
100 1# - MAIN ENTRY--PERSONAL NAME
Personal name Syed, Matthew.
9 (RLIN) 95215
245 10 - TITLE STATEMENT
Title Black box thinking :
Remainder of title why most people never learn from their mistakes-but some do /
Statement of responsibility, etc. Matthew Syed.
264 #1 - PRODUCTION, PUBLICATION, DISTRIBUTION, MANUFACTURE, AND COPYRIGHT NOTICE
Place of production, publication, distribution, manufacture New York, New York :
Name of producer, publisher, distributor, manufacturer Portfolio/Penguin,
Date of production, publication, distribution, manufacture, or copyright notice [2015]
300 ## - PHYSICAL DESCRIPTION
Extent xi, 322 pages ;
Dimensions 24 cm
336 ## - CONTENT TYPE
Content type term text
Source rdacontent
337 ## - MEDIA TYPE
Media type term unmediated
Source rdamedia
338 ## - CARRIER TYPE
Carrier type term volume
Source rdacarrier
505 ## - FORMATTED CONTENTS NOTE
Formatted contents note Part I: The Logic of Failure (Page-1), Part II: Cognitive Dissonance (Page-67),Part III: Confronting Complexity (Page133-),Part IV: Small Steps and Giant Leaps (Page-181),Part V: The Blame Game (Page-229),Part VI: Creating a Growth Culture (Page-267).
650 #0 - SUBJECT ADDED ENTRY--TOPICAL TERM
Topical term or geographic name entry element Failure (Psychology)
9 (RLIN) 95216
650 #0 - SUBJECT ADDED ENTRY--TOPICAL TERM
Topical term or geographic name entry element Errors.
9 (RLIN) 95217
650 #0 - SUBJECT ADDED ENTRY--TOPICAL TERM
Topical term or geographic name entry element Success.
650 #0 - SUBJECT ADDED ENTRY--TOPICAL TERM
Topical term or geographic name entry element Organizational behavior.
650 #7 - SUBJECT ADDED ENTRY--TOPICAL TERM
Topical term or geographic name entry element BUSINESS & ECONOMICS / Organizational Behavior.
Source of heading or term bisacsh
9 (RLIN) 13715
650 #7 - SUBJECT ADDED ENTRY--TOPICAL TERM
Topical term or geographic name entry element BUSINESS & ECONOMICS / Management.
Source of heading or term bisacsh
9 (RLIN) 13714
856 42 - ELECTRONIC LOCATION AND ACCESS
Materials specified Cover image
Uniform Resource Identifier <a href="9781591848226.jpg">9781591848226.jpg</a>
906 ## - LOCAL DATA ELEMENT F, LDF (RLIN)
a 7
b cbc
c orignew
d 1
e ecip
f 20
g y-gencatlg
942 ## - ADDED ENTRY ELEMENTS (KOHA)
Source of classification or shelving scheme
Koha item type Book
Holdings
Withdrawn status Lost status Source of classification or shelving scheme Damaged status Not for loan Permanent Location Current Location Shelving location Date acquired Total Checkouts Full call number Barcode Date last seen Date last checked out Price effective from Koha item type Public note
          Military College of Signals (MCS) Military College of Signals (MCS) General Stacks 07/26/2022 1 158.1, SYE MCS38207 03/09/2026 02/16/2026 07/26/2022 Book Almirah Fresh No.44, Shelf No.3
© 2023 Central Library, National University of Sciences and Technology. All Rights Reserved.